000 00708nam a22001817a 4500
005 20240603144017.0
010 _aHIN-127782
020 _c1000.00
_a978-93-94928-49-7
035 _aHN-100128
037 _bDBAD
082 _a126
100 _aश्रचन्दानी, सुरेश कुमार
_967194
245 _aशुद्ध विषयों में चेतना प्रसारण/
250 _a1
300 _a101 प्.
_c22 से.मी. (अजिल्द).
500 _aयह किताब जीवन को सरल बनाने के तरीके बताती हैं
942 _2ddc
_cHN
_h126
_mश्रीचसु
_e1
999 _c203447
_d203447